Biggest Cities in the Golden Banana - Statistics

General Stats
  • This quiz has been taken 3,061 times
    2,575 since last reset
  • The average score is 10 of 14
Answers on the Map
Answers color-coded by a green-red scale on the quiz's map according to % correct below.
 
Answer Stats
Population City % Correct
1,664 k Barcelona
99%
1,396 k Milan
97%
868 k Marseille
92%
341 k Nice
91%
871 k Turin
91%
800 k Valencia
87%
574 k Genoa
78%
487 k Toulouse
72%
682 k Zaragoza
65%
290 k Montpellier
53%
459 k Murcia
50%
337 k Alicante
49%
269 k L'Hospitalet de Llobregat
24%
235 k Elche
21%
No matching quizzes found
Score Distribution
Percent of People with Each Score
Percentile by Number Answered
Your Score History
You have not taken this quiz since the last reset